Normal view
MARC view
Entry Personal Name
001 - CONTROL NUMBER
- control field: 9068
003 - CONTROL NUMBER IDENTIFIER
- control field: ARRUPE
005 - DATE AND TIME OF LATEST TRANSACTION
- control field: 20140313174314.0
008 - FIXED-LENGTH DATA ELEMENTS
- fixed length control field: 140313|| aca||aabn | a|a d
040 ## - CATALOGING SOURCE
- Original cataloging agency: ARRUPE
- Transcribing agency: ARRUPE
100 ## - HEADING--PERSONAL NAME
- Personal name: Textor, Mark
670 ## - SOURCE DATA FOUND
- Source citation: Work cat.: (ARRUPE)6420: Textor, Mark, Frege on sense and reference